| 000 | 00359nam a2200145Ia 4500 | ||
|---|---|---|---|
| 005 | 20251222153629.0 | ||
| 008 | 251222s9999||||xx |||||||||||||| ||spa|| | ||
| 020 | _a9789972464980 | ||
| 082 | _a970.62/V18 | ||
| 100 | _aValcárcel Carnero, Rosina | ||
| 245 | 0 | _aMitos, Dominación y Resistencia Andina | |
| 250 | _a2da.ed. | ||
| 264 | _bUNMSM | ||
| 942 | _cLIB | ||
| 999 |
_c32309 _d32309 |
||